| 000 | 00650nam a2200181 a 4500 | ||
|---|---|---|---|
| 001 | 000040246 | ||
| 005 | 20201002034016.0 | ||
| 008 | 130820s2009 sp a 000 0 spa d | ||
| 020 | _a9788489457409 | ||
| 040 |
_aDO-SdBNP _bspa _cBNPHU |
||
| 082 | _axxx | ||
| 100 | 1 |
_aViñuela Suárez, Eduardo _966516 |
|
| 245 | 1 | 3 |
_aEl videoclip en España ( 1980-1995) : _bGesto audiovisual, discurso y mercado / _cEduardo Viñuela Suárez ; prólogo Celsa Alonso. |
| 260 |
_aMadrid, España : _bEdiciones del ICCMU, _c[2009]. |
||
| 300 |
_a214 p. : _bil. ; _c24 cm. |
||
| 490 | 1 | _aMúsica hispana.Textos estudios | |
| 830 | 0 |
_aMúsica hispana.Textos estudios _966517 |
|
| 999 |
_c39736 _d39736 |
||